000 00973nam a2200277 a 4500
001 000039278
003 DO-SdBNP
005 20230113101210.0
007 ta
008 130621e2012 dr ao gr 001 0 spa d
020 _a9789945873290
040 _aDO-SdBNP
_bspa
_cBNPHU
082 4 _222
_bE56q
245 0 3 _aLa energía que trae el viento :
_bparque Eólico los Cocos /
_cTexto, Lora Elvira ; Presentación, Tito Sanjuro; Coordinación y edición EGE Haina; fotografías, Ricardo Piantini...[et.al].
260 _aSanto Domingo :
_bEGE Haina,
_c2012
300 _a179 p. :
_bil., fotogr. ;
_c26 cm.
590 _aInventariado 2023 / MF
700 _aLora, Elvira,
_etextos
_965473
700 2 _aSanjuro, Tito
_epresent.
_983028
700 1 _aPiantini, Ricardo
_efotogr.
_965474
700 _aBriones, Ricardo,
_efotogr.
_975973
_d1958-
700 1 _aVargas, Samuel,
_efotogr.
_983029
700 1 _aEGE Haina
_ecoord., ed.
_983030
910 _aMFeliz
942 _2ddc
_cLBS1
999 _c38768
_d38768